[Event "FICGS rapid D 000054 email"]
[Site "FICGS email"]
[Date "2011.03.07"]
[Round "1"]
[White "Bilz, Constantin"]
[Black "Wood, Brian P"]
[Result "1-0"]
[WhiteElo "1342"]
[BlackElo "1464"]
[PlyCount "27"]
[EventDate "2011.??.??"]
[EventType "tourn (rapid)"]
[EventRounds "5"]
[SourceTitle "Corr 2013"]
[Source "ChessBase"]
[SourceDate "2012.11.12"]
[SourceVersion "1"]
[SourceVersionDate "2012.11.12"]
[SourceQuality "1"]

1. Nf3 Nf6 2. g3 d6 3. d4 g6 4. Bg2 Bg7 5. c4 0-0 6. 0-0 c6 7. Nc3 Bf5 8. Ng5 h6 9. e4 Bd7 10. Nf3 Re8 11. e5 dxe5 12. dxe5 Ng4 13. Qe2 e6 14. h3 1-0

[Event "FICGS class D 000166 email"]
[Site "FICGS email"]
[Date "2011.03.07"]
[Round "1"]
[White "Budnar, Milos"]
[Black "Wood, Brian P"]
[Result "1-0"]
[WhiteElo "1401"]
[BlackElo "1464"]
[PlyCount "27"]
[EventDate "2011.??.??"]
[EventType "tourn (corr)"]
[EventRounds "4"]
[SourceTitle "Corr 2013"]
[Source "ChessBase"]
[SourceDate "2012.11.12"]
[SourceVersion "1"]
[SourceVersionDate "2012.11.12"]
[SourceQuality "1"]

1. e4 c5 2. Nf3 d6 3. d4 cxd4 4. Nxd4 Nf6 5. Nc3 a6 6. Be3 g6 7. g4 Bxg4 8. f3 Bd7 9. Qd2 Bg7 10. 0-0-0 0-0 11. Bh6 e5 12. Bxg7 Kxg7 13. Nb3 b5 14. Qxd6 1-0

[Event "FICGS rapid D 000054 email"]
[Site "FICGS email"]
[Date "2011.03.07"]
[Round "1"]
[White "Leurette, Marc Antoine"]
[Black "Wood, Brian P"]
[Result "1-0"]
[WhiteElo "1434"]
[BlackElo "1464"]
[PlyCount "33"]
[EventDate "2011.??.??"]
[EventType "tourn (rapid)"]
[EventRounds "5"]
[SourceTitle "Corr 2013"]
[Source "ChessBase"]
[SourceDate "2012.11.12"]
[SourceVersion "1"]
[SourceVersionDate "2012.11.12"]
[SourceQuality "1"]

1. e4 c5 2. Nf3 d6 3. d4 cxd4 4. Nxd4 Nf6 5. Nc3 Nc6 6. Bb5 Qc7 7. Be3 e5 8. Nf3 Be7 9. Nd5 Qd7 10. Qd3 0-0 11. Nxf6+ Bxf6 12. Bg5 Bxg5 13. Nxg5 Nb4 14. Qe2 Qc7 15. Ba4 d5 16. exd5 Nxd5 17. c3 1-0

[Event "FICGS class D 000166 email"]
[Site "FICGS email"]
[Date "2011.03.07"]
[Round "1"]
[White "Medearis, John"]
[Black "Wood, Brian P"]
[Result "1-0"]
[WhiteElo "1600"]
[BlackElo "1464"]
[PlyCount "37"]
[EventDate "2011.??.??"]
[EventType "tourn (corr)"]
[EventRounds "4"]
[SourceTitle "Corr 2013"]
[Source "ChessBase"]
[SourceDate "2012.11.12"]
[SourceVersion "1"]
[SourceVersionDate "2012.11.12"]
[SourceQuality "1"]

1. d4 Nf6 2. c4 e6 3. Nf3 b6 4. a3 Bb7 5. Nc3 d5 6. cxd5 Nxd5 7. e3 Be7 8. Be2 Nxc3 9. bxc3 0-0 10. 0-0 Bf6 11. Qc2 Ba6 12. Rd1 Bxe2 13. Qxe2 c6 14. e4 Nd7 15. a4 Qc7 16. Ba3 Rfe8 17. e5 Be7 18. Bxe7 Rxe7 19. Nd2 1-0

[Event "FICGS rapid D 000054 email"]
[Site "FICGS email"]
[Date "2011.03.07"]
[Round "1"]
[White "Wood, Brian P"]
[Black "Piantadosi, Angelo"]
[Result "0-1"]
[WhiteElo "1464"]
[BlackElo "1279"]
[PlyCount "30"]
[EventDate "2011.??.??"]
[EventType "tourn (rapid)"]
[EventRounds "5"]
[SourceTitle "Corr 2013"]
[Source "ChessBase"]
[SourceDate "2012.11.12"]
[SourceVersion "1"]
[SourceVersionDate "2012.11.12"]
[SourceQuality "1"]

1. e4 Nf6 2. e5 Nd5 3. d4 d6 4. c4 Nb6 5. exd6 exd6 6. Nf3 Bf5 7. Nc3 Nc6 8. Bd3 Bxd3 9. Qxd3 Be7 10. 0-0 0-0 11. a3 Bf6 12. Be3 Re8 13. b4 d5 14. c5 Nc4 15. Bc1 Qd7 0-1

[Event "FICGS class C 000167 email"]
[Site "FICGS email"]
[Date "2011.01.07"]
[Round "1"]
[White "Aksenov, Aleksandr Aleksandr"]
[Black "Wood, Brian P"]
[Result "1-0"]
[WhiteElo "1800"]
[BlackElo "1744"]
[PlyCount "31"]
[EventDate "2011.??.??"]
[EventType "tourn (corr)"]
[EventRounds "6"]
[SourceTitle "Corr 2013"]
[Source "ChessBase"]
[SourceDate "2012.11.12"]
[SourceVersion "1"]
[SourceVersionDate "2012.11.12"]
[SourceQuality "1"]

1. e4 c5 2. Nf3 d6 3. d4 cxd4 4. Nxd4 Nf6 5. Nc3 a6 6. Be3 g6 7. f3 Bg7 8. Qd2 0-0 9. 0-0-0 Nc6 10. g4 Bxg4 11. fxg4 Nxd4 12. Bxd4 Nxg4 13. Bxg7 Kxg7 14. Be2 Nf2 15. Qd4+ Kg8 16. Qxf2 1-0

[Event "FICGS class C 000167 email"]
[Site "FICGS email"]
[Date "2011.01.07"]
[Round "1"]
[White "Von Buttlar, Paul"]
[Black "Wood, Brian P"]
[Result "1-0"]
[WhiteElo "1718"]
[BlackElo "1744"]
[PlyCount "63"]
[EventDate "2011.??.??"]
[EventType "tourn (corr)"]
[EventRounds "6"]
[SourceTitle "Corr 2013"]
[Source "ChessBase"]
[SourceDate "2012.11.12"]
[SourceVersion "1"]
[SourceVersionDate "2012.11.12"]
[SourceQuality "1"]

1. c4 e5 2. Nc3 Nc6 3. Nf3 Nf6 4. e3 d5 5. cxd5 Nxd5 6. Bb5 Nxc3 7. Bxc6+ bxc6 8. bxc3 Bg4 9. h3 Bxf3 10. Qxf3 Qd7 11. 0-0 Be7 12. d4 exd4 13. cxd4 0-0 14. Bb2 Rfb8 15. Bc3 Bf6 16. Rfc1 Re8 17. Bb4 a5 18. Bc5 Qd5 19. Qg3 Qd7 20. Rab1 Qd5 21. a3 Be7 22. Qxc7 Bxc5 23. dxc5 Qd3 24. a4 Qe4 25. Rb7 Qd5 26. Qd6 Red8 27. Qxd5 Rxd5 28. Rc7 g6 29. Rxc6 Rdd8 30. Rb6 Ra7 31. c6 Rc8 32. Rc5 1-0

[Event "FICGS class C 000167 email"]
[Site "FICGS email"]
[Date "2011.01.07"]
[Round "1"]
[White "Wood, Brian P"]
[Black "Biason, Adriano"]
[Result "0-1"]
[WhiteElo "1744"]
[BlackElo "1744"]
[PlyCount "36"]
[EventDate "2011.??.??"]
[EventType "tourn (corr)"]
[EventRounds "6"]
[SourceTitle "Corr 2013"]
[Source "ChessBase"]
[SourceDate "2012.11.12"]
[SourceVersion "1"]
[SourceVersionDate "2012.11.12"]
[SourceQuality "1"]

1. d4 Nf6 2. c4 e6 3. Nf3 b6 4. g3 Ba6 5. b3 Bb4+ 6. Bd2 Be7 7. Bg2 c6 8. Nc3 d5 9. cxd5 cxd5 10. 0-0 0-0 11. Re1 Nc6 12. e3 Rc8 13. Ne5 Nxe5 14. dxe5 Nd7 15. f4 Nc5 16. Bf1 Nd3 17. Bxd3 Bxd3 18. Rc1 Ba3 0-1

[Event "FICGS class B 000134 email"]
[Site "FICGS email"]
[Date "2011.01.01"]
[Round "1"]
[White "Wood, Brian P"]
[Black "Cookson, Timothy"]
[Result "0-1"]
[WhiteElo "1744"]
[BlackElo "2000"]
[PlyCount "26"]
[EventDate "2011.??.??"]
[EventType "tourn (corr)"]
[EventRounds "4"]
[SourceTitle "Corr 2013"]
[Source "ChessBase"]
[SourceDate "2012.11.12"]
[SourceVersion "1"]
[SourceVersionDate "2012.11.12"]
[SourceQuality "1"]

1. c4 e5 2. Nc3 Nf6 3. g3 d5 4. d4 exd4 5. Qxd4 Nc6 6. Qe3+ Be7 7. Bg2 d4 8. Bxc6+ bxc6 9. Qd3 dxc3 10. Qxc3 0-0 11. Nf3 Ne4 12. Qc2 Bf5 13. 0-0 Nxg3 0-1

[Event "FICGS rapid B 000170 email"]
[Site "FICGS email"]
[Date "2010.12.30"]
[Round "1"]
[White "Mamrukov, Dmitri"]
[Black "Wood, Brian P"]
[Result "1-0"]
[WhiteElo "1841"]
[BlackElo "1800"]
[PlyCount "57"]
[EventDate "2010.??.??"]
[EventType "tourn (rapid)"]
[EventRounds "1"]
[SourceTitle "Corr 2013"]
[Source "ChessBase"]
[SourceDate "2012.11.12"]
[SourceVersion "1"]
[SourceVersionDate "2012.11.12"]
[SourceQuality "1"]

1. d4 Nf6 2. c4 e6 3. g3 d5 4. Nf3 c5 5. cxd5 exd5 6. Bg2 Nc6 7. 0-0 Be7 8. Nc3 0-0 9. dxc5 Bxc5 10. Na4 Bd6 11. Be3 Ne7 12. Nc3 Ng4 13. Bg5 f6 14. Bc1 Be6 15. Nd4 Bf7 16. e4 Ne5 17. exd5 Bb4 18. Ne6 Bxe6 19. dxe6 Bxc3 20. bxc3 Qb6 21. Qb3 Qxb3 22. axb3 N5c6 23. Ba3 Rfd8 24. Bxe7 Nxe7 25. Bxb7 Rab8 26. Rxa7 Rd6 27. Re1 Kf8 28. b4 Rb6 29. Ba6 1-0

[Event "FICGS rapid B 000169 email"]
[Site "FICGS email"]
[Date "2010.12.26"]
[Round "1"]
[White "Mamrukov, Dmitri"]
[Black "Wood, Brian P"]
[Result "1-0"]
[WhiteElo "1841"]
[BlackElo "1800"]
[PlyCount "61"]
[EventDate "2010.??.??"]
[EventType "tourn (rapid)"]
[EventRounds "6"]
[SourceTitle "Corr 2013"]
[Source "ChessBase"]
[SourceDate "2012.11.12"]
[SourceVersion "1"]
[SourceVersionDate "2012.11.12"]
[SourceQuality "1"]

1. d4 Nf6 2. c4 e6 3. g3 d5 4. Nf3 c6 5. Bg2 Bb4+ 6. Bd2 Qa5 7. 0-0 Bxd2 8. Nbxd2 0-0 9. Qc2 Rd8 10. Ne5 Nbd7 11. Nd3 c5 12. cxd5 exd5 13. dxc5 Re8 14. Nb3 Qc7 15. Rfd1 Ne5 16. Nf4 Rd8 17. Nxd5 Nxd5 18. Rxd5 Be6 19. Rxd8+ Rxd8 20. Rd1 g6 21. Rxd8+ Qxd8 22. Bxb7 Nc4 23. c6 Qb6 24. Qc3 a5 25. Nd4 Bd5 26. e4 Bxc6 27. Bxc6 Ne5 28. Kg2 Nxc6 29. Nxc6 Qb7 30. b3 h5 31. Qf6 1-0

[Event "FICGS rapid B 000169 email"]
[Site "FICGS email"]
[Date "2010.12.26"]
[Round "1"]
[White "Parra, Jose"]
[Black "Wood, Brian P"]
[Result "1-0"]
[WhiteElo "1800"]
[BlackElo "1800"]
[PlyCount "45"]
[EventDate "2010.??.??"]
[EventType "tourn (rapid)"]
[EventRounds "6"]
[SourceTitle "Corr 2013"]
[Source "ChessBase"]
[SourceDate "2012.11.12"]
[SourceVersion "1"]
[SourceVersionDate "2012.11.12"]
[SourceQuality "1"]

1. e4 d6 2. d4 Nf6 3. Bd3 g6 4. Nf3 Bg7 5. c4 0-0 6. 0-0 c6 7. h3 Nbd7 8. Be3 Re8 9. e5 dxe5 10. dxe5 Nh5 11. g4 Nxe5 12. Nxe5 Bxe5 13. Qb3 Nf6 14. Rd1 Qc7 15. Nd2 Bg3 16. Nf3 Bxf2+ 17. Bxf2 Bxg4 18. hxg4 Nxg4 19. Bf1 Nxf2 20. Kxf2 h5 21. Qe3 e5 22. Rd2 e4 23. Nd4 1-0

[Event "FICGS rapid B 000169 email"]
[Site "FICGS email"]
[Date "2010.12.26"]
[Round "1"]
[White "Wood, Brian P"]
[Black "Ang, David"]
[Result "1-0"]
[WhiteElo "1800"]
[BlackElo "1800"]
[PlyCount "25"]
[EventDate "2010.??.??"]
[EventType "tourn (rapid)"]
[EventRounds "6"]
[SourceTitle "Corr 2013"]
[Source "ChessBase"]
[SourceDate "2012.11.12"]
[SourceVersion "1"]
[SourceVersionDate "2012.11.12"]
[SourceQuality "1"]

1. c4 e5 2. Nc3 Nc6 3. Nf3 g6 4. d4 exd4 5. Nxd4 Bg7 6. e3 Nge7 7. Nce2 0-0 8. g3 Ne5 9. b3 c5 10. Nf4 cxd4 11. exd4 N5c6 12. Bb2 d5 13. Bg2 1-0

[Event "FICGS no engines 00 email"]
[Site "FICGS email"]
[Date "2010.11.14"]
[Round "1"]
[White "Wood, Brian P"]
[Black "Broekhuizen, Tom"]
[Result "1-0"]
[WhiteElo "1800"]
[BlackElo "1495"]
[PlyCount "39"]
[EventDate "2010.??.??"]
[EventType "swiss (corr)"]
[EventRounds "1"]
[SourceTitle "Corr 2013"]
[Source "ChessBase"]
[SourceDate "2012.11.12"]
[SourceVersion "1"]
[SourceVersionDate "2012.11.12"]
[SourceQuality "1"]

1. d4 d5 2. c4 c6 3. Nf3 Nf6 4. Nc3 dxc4 5. e4 b5 6. Bg5 Bg4 7. e5 Nd5 8. Nxd5 cxd5 9. Be2 h6 10. Bh4 Qa5+ 11. Nd2 Bxe2 12. Qxe2 Nc6 13. 0-0 Nxd4 14. Qd1 Nf5 15. Nf3 e6 16. b3 g5 17. Bxg5 hxg5 18. Nxg5 Be7 19. Nf3 0-0-0 20. Nd4 1-0

[Event "IECC Swiss-538"]
[Site "IECC email"]
[Date "2009.11.08"]
[Round "?"]
[White "Wood, Brian P"]
[Black "Reilly, Jim"]
[Result "1/2-1/2"]
[WhiteElo "1435"]
[BlackElo "1409"]
[PlyCount "49"]
[EventDate "2009.??.??"]
[EventType "match (corr)"]
[SourceTitle "Corr 2013"]
[Source "ChessBase"]
[SourceDate "2012.11.12"]
[SourceVersion "1"]
[SourceVersionDate "2012.11.12"]
[SourceQuality "1"]
[WhiteTeam "France"]
[BlackTeam "Australia"]
[WhiteTeamCountry "FRA"]
[BlackTeamCountry "AUS"]

1. e4 c5 2. Nf3 e6 3. d4 cxd4 4. Nxd4 Nc6 5. Nc3 Nf6 6. Nxc6 bxc6 7. Bg5 Be7 8. e5 Nd5 9. Bxe7 Qxe7 10. Qd4 Nxc3 11. Qxc3 0-0 12. Bd3 Bb7 13. 0-0 Qg5 14. Qb4 Rab8 15. Qc5 Ra8 16. f4 Qd8 17. Rad1 Qb6 18. Qxb6 axb6 19. Bc4 Bc8 20. c3 b5 21. Bb3 c5 22. a3 c4 23. Bc2 f5 24. exf6 Rxf6 25. g3 1/2-1/2

[Event "IECC TH-M-2858"]
[Site "IECC email"]
[Date "2009.07.16"]
[Round "?"]
[White "Wood, Brian P"]
[Black "Cuaycong, Virgilio"]
[Result "0-1"]
[WhiteElo "1457"]
[BlackElo "1572"]
[PlyCount "68"]
[EventDate "2009.??.??"]
[EventType "match (corr)"]
[SourceTitle "Corr 2013"]
[Source "ChessBase"]
[SourceDate "2012.11.12"]
[SourceVersion "1"]
[SourceVersionDate "2012.11.12"]
[SourceQuality "1"]
[WhiteTeam "Poland"]
[BlackTeam "Argentina"]
[WhiteTeamCountry "POL"]
[BlackTeamCountry "ARG"]

1. e4 e5 2. Nf3 Nc6 3. Bc4 Nf6 4. Ng5 d5 5. exd5 Na5 6. f3 Nxc4 7. d3 Nd6 8. 0-0 h6 9. Ne4 Nxd5 10. Nf2 Be7 11. Ne4 Nf5 12. Re1 0-0 13. Nbc3 Be6 14. Bd2 Nb4 15. b3 Bh4 16. g3 Be7 17. Rc1 Qd4+ 18. Nf2 f6 19. Nce4 Qd5 20. Bxb4 Bxb4 21. c3 Ba5 22. b4 Bb6 23. c4 Bxf2+ 24. Nxf2 Qd7 25. Ne4 Nd4 26. Nc5 Qc6 27. Rf1 Bh3 28. Rf2 a5 29. a3 axb4 30. axb4 Ra3 31. Ne4 Rfa8 32. Nc3 Qd6 33. b5 Nxf3+ 34. Qxf3 Rxc3 0-1

[Event "IECC TH-S-0322"]
[Site "IECC email"]
[Date "2008.06.26"]
[Round "?"]
[White "Wood, Brian P"]
[Black "Voom, Bart"]
[Result "1/2-1/2"]
[WhiteElo "1495"]
[BlackElo "1362"]
[PlyCount "39"]
[EventDate "2008.??.??"]
[EventType "match (corr)"]
[SourceTitle "Corr 2013"]
[Source "ChessBase"]
[SourceDate "2012.11.12"]
[SourceVersion "1"]
[SourceVersionDate "2012.11.12"]
[SourceQuality "1"]
[WhiteTeam "US of America"]
[BlackTeam "Italy"]
[WhiteTeamCountry "USA"]
[BlackTeamCountry "ITA"]

1. e4 e5 2. Nf3 Nc6 3. Bb5 a6 4. Ba4 Nf6 5. 0-0 Be7 6. Re1 b5 7. Bb3 0-0 8. c3 d5 9. exd5 Nxd5 10. Nxe5 Nxe5 11. Rxe5 c6 12. d4 Bd6 13. Re1 Qh4 14. g3 Qh3 15. Be3 Bg4 16. Qd3 Rae8 17. Qf1 Qh5 18. Bxd5 cxd5 19. Nd2 Bh3 20. Qe2 1/2-1/2

[Event "IECC KO email"]
[Site "IECC email"]
[Date "2002.08.26"]
[Round "?"]
[White "Wood, Brian P"]
[Black "Theofel, Heiner"]
[Result "1/2-1/2"]
[WhiteElo "1242"]
[BlackElo "1415"]
[PlyCount "37"]
[EventDate "2002.??.??"]
[EventType "tourn (corr)"]
[EventRounds "6"]
[SourceTitle "Corr 2008"]
[Source "ChessBase"]
[SourceDate "2008.06.24"]
[SourceVersion "1"]
[SourceVersionDate "2008.06.24"]
[SourceQuality "1"]

1. e4 e5 2. Nf3 Nc6 3. Bb5 Bb4 4. c3 Ba5 5. Bxc6 dxc6 6. 0-0 Bg4 7. h3 Bh5 8. g4 Bg6 9. Nxe5 Qh4 10. Qf3 Nf6 11. d3 Nd7 12. Nxd7 Kxd7 13. Na3 h5 14. Nc4 hxg4 15. Qxg4+ Qxg4+ 16. hxg4 Bb6 17. Nxb6+ axb6 18. Bf4 Rh4 19. f3 1/2-1/2

[Event "IECC TH-M email"]
[Site "IECC email"]
[Date "2002.04.09"]
[Round "?"]
[White "Alonso Garcia, Juan Luis"]
[Black "Wood, Brian P"]
[Result "1-0"]
[WhiteElo "1519"]
[BlackElo "1238"]
[PlyCount "59"]
[EventDate "2002.??.??"]
[EventType "match (corr)"]
[EventRounds "2"]
[SourceTitle "Corr 2008"]
[Source "ChessBase"]
[SourceDate "2008.06.24"]
[SourceVersion "1"]
[SourceVersionDate "2008.06.24"]
[SourceQuality "1"]

1. d4 d5 2. c4 e6 3. Nc3 Nf6 4. Bg5 Be7 5. e3 Nbd7 6. Nf3 0-0 7. Qc2 dxc4 8. e4 Nb6 9. e5 Nfd5 10. Bxc4 Nxc3 11. Bxe7 Qxe7 12. Qxc3 Bd7 13. Be2 Nd5 14. Qc5 Qxc5 15. dxc5 Nf4 16. g3 Nxe2 17. Kxe2 Bb5+ 18. Ke3 Rad8 19. Nd4 Bd7 20. f4 c6 21. b4 b6 22. Rhc1 bxc5 23. Rxc5 a6 24. Nxc6 Bxc6 25. Rxc6 Ra8 26. a4 Rfc8 27. Rac1 Rxc6 28. Rxc6 Kf8 29. Kd4 Ke8 30. Rc7 1-0

[Event "IECC TH-M email"]
[Site "IECC email"]
[Date "2002.04.09"]
[Round "?"]
[White "Wood, Brian P"]
[Black "Alonso Garcia, Juan Luis"]
[Result "0-1"]
[WhiteElo "1233"]
[BlackElo "1532"]
[PlyCount "82"]
[EventDate "2002.??.??"]
[EventType "match (corr)"]
[EventRounds "2"]
[SourceTitle "Corr 2008"]
[Source "ChessBase"]
[SourceDate "2008.06.24"]
[SourceVersion "1"]
[SourceVersionDate "2008.06.24"]
[SourceQuality "1"]

1. d4 d5 2. c4 e6 3. Nc3 Nf6 4. Bg5 Be7 5. e3 Nbd7 6. Nf3 0-0 7. Bd3 h6 8. Bxf6 Nxf6 9. c5 c6 10. 0-0 b6 11. cxb6 axb6 12. Ne5 Bb7 13. a3 c5 14. dxc5 bxc5 15. Be2 Bd6 16. Nf3 e5 17. Nb5 e4 18. Nxd6 exf3 19. Nxb7 fxe2 20. Qxe2 Qc7 21. Nxc5 Qxc5 22. Rfc1 Qe7 23. b4 Rfb8 24. Qd3 Qe6 25. b5 Ng4 26. a4 Rc8 27. Rxc8+ Rxc8 28. Rd1 Rc5 29. Rb1 Ne5 30. Qd1 Nc4 31. Qd4 Qd6 32. Rc1 Kh7 33. e4 Qf4 34. Rd1 Qc7 35. exd5 Nd6 36. Qd3+ Kg8 37. g3 Rc4 38. Qa3 Qd8 39. Kg2 h5 40. Rc1 Qa8 41. Rxc4 Qxd5+ 0-1

[Event "IECC TH-M email"]
[Site "IECC email"]
[Date "2002.02.09"]
[Round "?"]
[White "Soule, Larry P"]
[Black "Wood, Brian P"]
[Result "1-0"]
[WhiteElo "1126"]
[BlackElo "1219"]
[PlyCount "45"]
[EventDate "2002.??.??"]
[EventType "match (corr)"]
[EventRounds "2"]
[SourceTitle "Corr 2008"]
[Source "ChessBase"]
[SourceDate "2008.06.24"]
[SourceVersion "1"]
[SourceVersionDate "2008.06.24"]
[SourceQuality "1"]

1. e4 c5 2. Nf3 Nc6 3. d4 cxd4 4. Nxd4 Nf6 5. Nc3 d6 6. Bg5 e6 7. Qd2 a6 8. 0-0-0 Bd7 9. f4 Be7 10. Nf3 b5 11. Bxf6 gxf6 12. Kb1 Qb6 13. f5 b4 14. Ne2 exf5 15. exf5 Bxf5 16. Ned4 Be4 17. Nxc6 Qxc6 18. Nd4 Qb7 19. Bd3 Bxd3 20. Qxd3 Qxg2 21. Rhe1 Ra7 22. Nf5 Qxh2 23. Qe4 1-0

[Event "IECC M email"]
[Site "IECC email"]
[Date "2002.02.05"]
[Round "?"]
[White "Martin, William T"]
[Black "Wood, Brian P"]
[Result "1-0"]
[WhiteElo "1031"]
[BlackElo "1220"]
[PlyCount "47"]
[EventDate "2002.??.??"]
[EventType "tourn (corr)"]
[EventRounds "6"]
[SourceTitle "Corr 2008"]
[Source "ChessBase"]
[SourceDate "2008.06.24"]
[SourceVersion "1"]
[SourceVersionDate "2008.06.24"]
[SourceQuality "1"]

1. e4 c5 2. Nf3 e6 3. d4 cxd4 4. Nxd4 Nc6 5. c3 d5 6. exd5 exd5 7. Nd2 Nxd4 8. cxd4 Qb6 9. Nf3 Bg4 10. Qa4+ Bd7 11. Qb3 Bb4+ 12. Bd2 Bxd2+ 13. Nxd2 Qxd4 14. Qxb7 Qe5+ 15. Be2 Rb8 16. Qxa7 Rxb2 17. 0-0 Rxd2 18. Bf3 Ne7 19. Qa8+ Bc8 20. Rae1 Qc7 21. Rc1 Qb7 22. Qxb7 Bxb7 23. Rc7 Bc6 24. Re1 1-0

[Event "IECC CL6-2002.04"]
[Site "IECC email"]
[Date "2002.02.05"]
[Round "?"]
[White "Oliveira, Ricardo Jorge GB"]
[Black "Wood, Brian P"]
[Result "1/2-1/2"]
[WhiteElo "1343"]
[BlackElo "1191"]
[PlyCount "92"]
[EventDate "2002.??.??"]
[EventType "tourn (corr)"]
[EventRounds "4"]
[SourceTitle "Corr 2008"]
[Source "ChessBase"]
[SourceDate "2008.06.24"]
[SourceVersion "1"]
[SourceVersionDate "2008.06.24"]
[SourceQuality "1"]

1. d4 d5 2. Nf3 Nf6 3. c4 e6 4. Nc3 Be7 5. Bf4 dxc4 6. e4 Bb4 7. Qc2 b5 8. 0-0-0 Bxc3 9. bxc3 Bb7 10. Qb2 a6 11. e5 Bxf3 12. gxf3 Nd5 13. Be3 Nxe3 14. fxe3 0-0 15. Rg1 Nd7 16. Qg2 g6 17. f4 Qe7 18. Qd2 c5 19. d5 exd5 20. Qxd5 Rfd8 21. Qg2 Nb6 22. Be2 Rxd1+ 23. Rxd1 Rd8 24. Rxd8+ Qxd8 25. Bf1 b4 26. h3 bxc3 27. Qc2 Nd5 28. Bxc4 Nxe3 29. Qxc3 Qd1+ 30. Kb2 Nxc4+ 31. Qxc4 Qd2+ 32. Kb1 Qb4+ 33. Qxb4 cxb4 34. Kb2 Kf8 35. Kb3 Ke7 36. Kxb4 Ke6 37. Ka5 Kf5 38. Kxa6 Kxf4 39. a4 Kxe5 40. Kb6 f5 41. a5 f4 42. a6 f3 43. a7 f2 44. a8Q f1Q 45. Qe8+ Kd4 46. Qd7+ Ke3 1/2-1/2

[Event "IECC M email"]
[Site "IECC email"]
[Date "2002.02.05"]
[Round "?"]
[White "Satterfield, Don"]
[Black "Wood, Brian P"]
[Result "1-0"]
[WhiteElo "1385"]
[BlackElo "1247"]
[PlyCount "45"]
[EventDate "2002.??.??"]
[EventType "tourn (corr)"]
[EventRounds "6"]
[SourceTitle "Corr 2008"]
[Source "ChessBase"]
[SourceDate "2008.06.24"]
[SourceVersion "1"]
[SourceVersionDate "2008.06.24"]
[SourceQuality "1"]

1. c4 c5 2. Nf3 Nf6 3. g3 g6 4. Bg2 Bg7 5. d4 cxd4 6. Nxd4 Nc6 7. 0-0 0-0 8. Nc3 Nxd4 9. Qxd4 d6 10. Bg5 Ng4 11. Qd2 h6 12. Bf4 e5 13. Be3 Nxe3 14. Qxe3 Be6 15. b3 Qd7 16. Rad1 f5 17. c5 f4 18. Qe4 fxg3 19. hxg3 Qf7 20. Nb5 dxc5 21. Nd6 Qf6 22. Qxb7 Rad8 23. Qxa7 1-0

[Event "IECC CL6-2002.04"]
[Site "IECC email"]
[Date "2002.02.05"]
[Round "?"]
[White "Wood, Brian P"]
[Black "Cehajic, Mustafa"]
[Result "0-1"]
[WhiteElo "1197"]
[BlackElo "1305"]
[PlyCount "60"]
[EventDate "2002.??.??"]
[EventType "tourn (corr)"]
[EventRounds "4"]
[SourceTitle "Corr 2008"]
[Source "ChessBase"]
[SourceDate "2008.06.24"]
[SourceVersion "1"]
[SourceVersionDate "2008.06.24"]
[SourceQuality "1"]

1. e4 e5 2. Nf3 Nc6 3. Bb5 Nf6 4. 0-0 Nxe4 5. d4 Nd6 6. Bxc6 bxc6 7. Nxe5 Be7 8. c4 0-0 9. c5 Nf5 10. Re1 Bf6 11. Qd3 Nxd4 12. Qxd4 d6 13. cxd6 cxd6 14. Nxc6 Bxd4 15. Nxd8 Rxd8 16. Nc3 Rb8 17. a4 Kf8 18. Nb5 Bc5 19. Bd2 a6 20. Ba5 Bb6 21. Bxb6 Rxb6 22. Nd4 Rxb2 23. Nc6 Re8 24. Rxe8+ Kxe8 25. Nd4 Ke7 26. a5 Kf6 27. h3 Bb7 28. Ra3 Bd5 29. Nf3 h5 30. h4 Rb4 0-1

[Event "IECC CL6-2002.04"]
[Site "IECC email"]
[Date "2002.02.05"]
[Round "?"]
[White "Wood, Brian P"]
[Black "Landman, Kevin"]
[Result "0-1"]
[WhiteElo "1243"]
[BlackElo "1257"]
[PlyCount "88"]
[EventDate "2002.??.??"]
[EventType "tourn (corr)"]
[EventRounds "4"]
[SourceTitle "Corr 2008"]
[Source "ChessBase"]
[SourceDate "2008.06.24"]
[SourceVersion "1"]
[SourceVersionDate "2008.06.24"]
[SourceQuality "1"]

1. e4 c6 2. d4 d5 3. Nc3 dxe4 4. Nxe4 Bf5 5. Ng3 Bg6 6. h4 h6 7. h5 Bh7 8. Nf3 Nd7 9. Bd3 Bxd3 10. Qxd3 e6 11. Bd2 Ngf6 12. 0-0-0 Be7 13. Rde1 0-0 14. c4 b5 15. cxb5 cxb5 16. Qxb5 Rb8 17. Qa5 Qxa5 18. Bxa5 Rfc8+ 19. Kb1 Ba3 20. b3 Ng4 21. Re2 Rc6 22. Rc2 Rxc2 23. Kxc2 Nxf2 24. Re1 Bd6 25. Ne5 Rb5 26. Bc3 Bxe5 27. dxe5 Ng4 28. a4 Rd5 29. Re4 Ndxe5 30. Rd4 Rxd4 31. Bxd4 Nc6 32. Kc3 Kf8 33. Bc5+ Ke8 34. b4 a6 35. b5 axb5 36. axb5 Nd8 37. b6 Kd7 38. Kc4 Kc6 39. Bg1 f5 40. Ne2 e5 41. Ng3 f4 42. Ne4 Ne6 43. Nc3 Nf6 44. Kd3 Ng5 0-1

[Event "IECC Swiss email"]
[Site "IECC email"]
[Date "2002.01.25"]
[Round "?"]
[White "Wood, Brian P"]
[Black "Rosello, Joe"]
[Result "1-0"]
[WhiteElo "1188"]
[BlackElo "1612"]
[PlyCount "37"]
[EventDate "2002.??.??"]
[EventType "tourn (corr)"]
[EventRounds "6"]
[SourceTitle "Corr 2008"]
[Source "ChessBase"]
[SourceDate "2008.06.24"]
[SourceVersion "1"]
[SourceVersionDate "2008.06.24"]
[SourceQuality "1"]

1. e4 d6 2. d4 Nf6 3. Nc3 g6 4. f4 Bg7 5. Nf3 c5 6. dxc5 Qa5 7. Bb5+ Bd7 8. Bxd7+ Nbxd7 9. Bd2 Qxc5 10. Qe2 0-0 11. 0-0-0 Rfc8 12. Rhe1 Nb6 13. Be3 Qa5 14. Qb5 Qxb5 15. Nxb5 a6 16. Nxd6 exd6 17. Bxb6 Rc6 18. Bf2 Rac8 19. Rd2 1-0